[Event "Ghent Taminco op 37th"]
[Site "Ghent"]
[Date "2014.07.20"]
[Round "4"]
[White "Van de Vaerd, Miguel"]
[Black "Van Baarle, John"]
[Result "0-1"]
[WhiteElo "1896"]
[BlackElo "2208"]
[PlyCount "102"]
[EventDate "2014.07.19"]
[EventType "swiss"]
[EventRounds "9"]
[EventCountry "BEL"]
[SourceTitle "CBM 161 Extra"]
[Source "ChessBase"]
[SourceDate "2014.08.29"]
[SourceVersion "1"]
[SourceVersionDate "2014.08.29"]
[SourceQuality "1"]

1. e4 d6 2. d4 Nf6 3. Nc3 g6 4. Bg5 c6 5. Qd2 h6 6. Bh4 g5 7. Bg3 Nh5 8. 0-0-0 Nd7 9. f4 Nxf4 10. Bxf4 gxf4 11. Qxf4 e5 12. dxe5 dxe5 13. Qd2 Qg5 14. Nf3 Qxd2+ 15. Nxd2 Bc5 16. Bc4 Ke7 17. Rdf1 f6 18. Nf3 b5 19. Bd3 Be3+ 20. Kb1 Nc5 21. Nh4 Rd8 22. Rf3 Bd2 23. Ng6+ Ke6 24. Rhf1 Nd7 25. Ne2 Bg5 26. h4 Rg8 27. h5 Nf8 28. Nxf8+ Rxf8 29. Ng3 Kd6 30. Nf5+ Kc7 31. R3f2 Be6 32. Be2 Rad8 33. Bg4 Bc8 34. c3 a5 35. Kc2 Rf7 36. Rd1 Rxd1 37. Kxd1 Rd7+ 38. Kc2 Rd8 39. Kb3 Be6+ 40. Ka3 Bd2 41. Nxh6 b4+ 42. Ka4 Bxa2 43. Rxf6 bxc3 44. bxc3 Bxc3 45. Be6 Bb1 46. Rf7+ Kb6 47. Rd7 Bc2+ 48. Ka3 Rh8 49. Nf7 Rxh5 50. Bh3 Bxe4 51. Nd6 Bd5 0-1

[Event "Ghent Taminco op 34th"]
[Site "Ghent"]
[Date "2011.07.16"]
[Round "1"]
[White "Vanhauwaert, Kurt"]
[Black "Van Baarle, John"]
[Result "1/2-1/2"]
[WhiteElo "1777"]
[BlackElo "2212"]
[PlyCount "90"]
[EventDate "2011.07.16"]
[EventType "swiss"]
[EventRounds "9"]
[EventCountry "BEL"]
[SourceTitle "CBM 143 Extra"]
[Source "ChessBase"]
[SourceDate "2011.08.29"]
[SourceVersion "1"]
[SourceVersionDate "2011.08.29"]
[SourceQuality "1"]

1. e4 e5 2. Nf3 Nc6 3. Bb5 a6 4. Ba4 Nf6 5. 0-0 Be7 6. Re1 b5 7. Bb3 d6 8. c3 0-0 9. d4 Bg4 10. d5 Na5 11. Bc2 c6 12. b4 Nc4 13. dxc6 Qc7 14. h3 Bc8 15. a4 Qxc6 16. axb5 axb5 17. Rxa8 Qxa8 18. Nbd2 Be6 19. Ng5 Bd7 20. Nxc4 bxc4 21. Nf3 Rc8 22. Bg5 Qc6 23. Qe2 Be6 24. Ra1 Ra8 25. Rxa8+ Qxa8 26. Bd2 h6 27. g4 Qa2 28. Qd1 Bd7 29. Ne1 Bc6 30. f3 d5 31. exd5 Nxd5 32. Be4 Bh4 33. Ng2 Bg3 34. Be1 Bxe1 35. Nxe1 Qa7+ 36. Kg2 Qd7 37. Bxd5 Bxd5 38. Nc2 Qa4 39. Kg3 Be6 40. Ne3 Qa3 41. Qd2 g6 42. Nd1 Qa1 43. Qd8+ Kh7 44. Qd6 Qb1 45. Qd2 e4 1/2-1/2

[Event "Regionalliga NW 0809"]
[Site "Bayern"]
[Date "2009.03.15"]
[Round "8.2"]
[White "Strobel, Walter"]
[Black "Van Baarle, John"]
[Result "1-0"]
[WhiteElo "2127"]
[BlackElo "2209"]
[PlyCount "63"]
[EventDate "2008.10.05"]
[EventType "team-tourn"]
[EventRounds "9"]
[EventCountry "GER"]
[SourceTitle "EXT 2020"]
[Source "ChessBase"]
[SourceDate "2019.10.17"]
[SourceVersion "1"]
[SourceVersionDate "2019.10.17"]
[SourceQuality "1"]
[WhiteTeam "Klingenberg"]
[BlackTeam "Obernau"]
[WhiteTeamCountry "GER"]
[BlackTeamCountry "GER"]

1. e4 d6 2. d4 Nf6 3. Nc3 g6 4. f4 Bg7 5. Nf3 0-0 6. e5 Nfd7 7. h4 c5 8. h5 cxd4 9. hxg6 hxg6 10. Qxd4 dxe5 11. fxe5 Nxe5 12. Qh4 Nxf3+ 13. gxf3 f5 14. Qh7+ Kf7 15. Rg1 Rg8 16. Qxg6+ Kf8 17. Bh6 Qd4 18. Rd1 Qe5+ 19. Be2 Nc6 20. f4 Qf6 21. Qxf6+ exf6 22. Bc4 Be6 23. Bxg7+ Rxg7 24. Rxg7 Kxg7 25. Bxe6 Re8 26. Rd6 Nd8 27. Rxd8 Rxd8 28. Bxf5 Rd4 29. Ne2 Rb4 30. b3 Kf7 31. c4 b5 32. c5 1-0

[Event "Alpenpokal op 35th"]
[Site "Langenwang"]
[Date "2009.01.14"]
[Round "6"]
[White "Josting, Friedel"]
[Black "Van Baarle, John"]
[Result "0-1"]
[WhiteElo "1994"]
[BlackElo "2244"]
[PlyCount "108"]
[EventDate "2009.01.09"]
[EventType "swiss"]
[EventRounds "9"]
[EventCountry "GER"]
[SourceTitle "EXT 2019"]
[Source "ChessBase"]
[SourceDate "2018.10.10"]
[SourceVersion "1"]
[SourceVersionDate "2018.10.10"]
[SourceQuality "1"]

1. Nf3 c5 2. c4 Nf6 3. g3 d5 4. cxd5 Nxd5 5. Bg2 Nc6 6. Nc3 Nc7 7. d3 e5 8. 0-0 Be7 9. Bd2 0-0 10. Rc1 f6 11. Ne1 Bd7 12. Nd5 Nxd5 13. Bxd5+ Kh8 14. Bg2 Rc8 15. f4 exf4 16. Rxf4 b6 17. Rf1 Be6 18. b3 Qd7 19. Nf3 Rfe8 20. Kh1 Bf8 21. Bc3 Rcd8 22. Qc2 Ne7 23. Bd2 Nc6 24. Bc3 Bg4 25. Rcd1 Qe6 26. Rfe1 Qc8 27. Qb2 Qe6 28. Qc2 a5 29. Qb2 Kg8 30. Qc2 Nd4 31. Bxd4 cxd4 32. Qc4 Bb4 33. Rf1 Bc3 34. h3 Bh5 35. g4 Bf7 36. Qxe6 Rxe6 37. Ng1 Re7 38. Rf5 a4 39. bxa4 Rd6 40. g5 fxg5 41. Rxg5 Bxa2 42. Rf1 Bb3 43. Rgf5 g6 44. Rf8+ Kg7 45. Ra8 Ba5 46. Ra1 Red7 47. Be4 Rd8 48. Ra7+ R6d7 49. Rxd7+ Rxd7 50. Kg2 Rd6 51. Nf3 Bc3 52. Ra3 Bg8 53. Ne5 Bb2 54. Nc4 Bxc4 0-1

[Event "Tiefenbach op"]
[Site "Tiefenbach"]
[Date "2005.01.20"]
[Round "8"]
[White "Emde, Rainer"]
[Black "Van Baarle, John"]
[Result "1-0"]
[WhiteElo "2110"]
[BlackElo "2266"]
[PlyCount "61"]
[EventDate "2005.01.??"]
[EventType "swiss"]
[EventRounds "9"]
[EventCountry "GER"]
[SourceTitle "EXT 2006"]
[Source "ChessBase"]
[SourceDate "2005.11.24"]
[SourceVersion "1"]
[SourceVersionDate "2005.11.24"]
[SourceQuality "1"]

1. d4 Nf6 2. Nf3 e6 3. e3 c5 4. c4 d5 5. Nc3 Nc6 6. a3 a6 7. dxc5 Bxc5 8. b4 Bd6 9. cxd5 exd5 10. Be2 0-0 11. Bb2 Bc7 12. 0-0 Qd6 13. Rc1 Bg4 14. g3 Rad8 15. b5 Na5 16. bxa6 bxa6 17. Na4 Bb6 18. Be5 Qe6 19. Nxb6 Bxf3 20. Bxf6 Bxe2 21. Qxe2 Qxb6 22. Bxd8 Rxd8 23. Rfd1 Nc4 24. e4 Nxa3 25. exd5 Nb5 26. Qe7 g6 27. Rc6 Qb8 28. d6 a5 29. d7 Nc7 30. Rdc1 Ne6 31. Rc8 1-0

[Event "Tiefenbach op"]
[Site "Tiefenbach"]
[Date "2005.01.14"]
[Round "2"]
[White "Reinke, Kurt"]
[Black "Van Baarle, John"]
[Result "0-1"]
[WhiteElo "2084"]
[BlackElo "2266"]
[PlyCount "114"]
[EventDate "2005.01.??"]
[EventType "swiss"]
[EventRounds "9"]
[EventCountry "GER"]
[SourceTitle "EXT 2006"]
[Source "ChessBase"]
[SourceDate "2005.11.24"]
[SourceVersion "1"]
[SourceVersionDate "2005.11.24"]
[SourceQuality "1"]

1. d4 Nf6 2. Nf3 e6 3. c4 c5 4. d5 exd5 5. cxd5 d6 6. Nc3 g6 7. e4 Bg7 8. Be2 0-0 9. 0-0 a6 10. a4 Bg4 11. Nd2 Bxe2 12. Nxe2 Re8 13. f3 Nbd7 14. a5 Qc7 15. Nc4 Ne5 16. Qc2 Nxc4 17. Qxc4 Nd7 18. Qc2 Rac8 19. Bd2 Ne5 20. f4 Nd7 21. Bc3 Nf6 22. Ng3 Qe7 23. Rae1 Ng4 24. Bxg7 Qh4 25. h3 Qxg3 26. hxg4 Kxg7 27. Qc3+ Qxc3 28. bxc3 c4 29. e5 Rc5 30. exd6 Rd8 31. Re7 Rxd6 32. f5 g5 33. Rxb7 Rcxd5 34. Re1 Rxa5 35. Ree7 Rf6 36. Rec7 h5 37. gxh5 Raxf5 38. Rxc4 Kh6 39. Rb8 Rf1+ 40. Kh2 Kxh5 41. Rh8+ Kg6 42. Rg8+ Kh6 43. Rcc8 Re6 44. Rh8+ Kg6 45. Rcg8+ Kf5 46. Rh3 Kf4 47. Rd8 f5 48. Rd4+ Re4 49. Rhd3 Rf2 50. Kg1 Rc2 51. Rd5 Re1+ 52. Kh2 g4 53. R5d4+ Re4 54. Rd1 Rxc3 55. Rd6 Ra3 56. R6d5 Kg5 57. Rd8 Re6 0-1

[Event "Ghent op 27th"]
[Site "Ghent"]
[Date "2004.07.18"]
[Round "3"]
[White "Savchenko, Stanislav"]
[Black "Van Baarle, John"]
[Result "1-0"]
[WhiteElo "2521"]
[BlackElo "2248"]
[PlyCount "65"]
[EventDate "2004.07.17"]
[EventType "swiss"]
[EventRounds "9"]
[EventCountry "BEL"]
[SourceTitle "CBM 101 Extra"]
[Source "ChessBase"]
[SourceDate "2004.09.01"]
[SourceVersion "2"]
[SourceVersionDate "2004.09.01"]
[SourceQuality "1"]

1. d4 e6 2. c4 d5 3. Nc3 Nf6 4. cxd5 exd5 5. Bg5 c6 6. e3 Be7 7. Bd3 Bg4 8. Qb3 Qb6 9. Qc2 a5 10. h3 Bd7 11. Nf3 Na6 12. a3 Nc7 13. Ne5 Ne6 14. Bh4 g6 15. f4 Ng7 16. Nxd7 Nxd7 17. Bxe7 Kxe7 18. f5 g5 19. 0-0-0 Nf6 20. e4 dxe4 21. Nxe4 Nxe4 22. Bxe4 f6 23. h4 h6 24. Rh3 g4 25. Rb3 Qa7 26. Qe2 Kf8 27. Qxg4 Rd8 28. Bc2 Ne8 29. Re3 Qb8 30. Rde1 Rg8 31. Qh5 Qf4 32. Bb3 Rd6 33. Bxg8 1-0

[Event "NED-chT 0203"]
[Site "Netherlands"]
[Date "2003.05.10"]
[Round "9.10"]
[White "Van Baarle, John"]
[Black "Van Arkel, Rogier"]
[Result "0-1"]
[WhiteElo "2276"]
[BlackElo "2124"]
[PlyCount "78"]
[EventDate "2002.09.28"]
[EventType "team-tourn"]
[EventRounds "9"]
[EventCountry "NED"]
[SourceTitle "EXT 2015"]
[Source "ChessBase"]
[SourceDate "2014.11.20"]
[SourceVersion "1"]
[SourceVersionDate "2014.11.20"]
[SourceQuality "1"]
[WhiteTeam "Breda ZZICT"]
[BlackTeam "VastNed Rotterdam"]
[WhiteTeamCountry "NED"]
[BlackTeamCountry "NED"]

1. d4 Nf6 2. Nf3 e6 3. c4 b6 4. Nc3 Bb4 5. Bg5 Bb7 6. Rc1 h6 7. Bxf6 Qxf6 8. e3 g5 9. Be2 h5 10. 0-0 Bxc3 11. Rxc3 g4 12. Ne1 Nc6 13. f3 Qg7 14. fxg4 hxg4 15. Bxg4 0-0-0 16. Bf3 Rdg8 17. Qe2 f5 18. Nd3 Kb8 19. g3 Rh4 20. Rf2 Qh8 21. Rg2 Rh6 22. Rc1 d6 23. b4 e5 24. b5 Nxd4 25. exd4 e4 26. Ne1 exf3 27. Nxf3 f4 28. g4 Re8 29. Qf2 Bxf3 30. Qxf3 Qxd4+ 31. Rf2 Rf6 32. Qd5 Qe3 33. Qd2 Qh3 34. g5 Rg8 35. Rg2 Rf5 36. g6 f3 37. Rg3 Qh5 38. g7 f2+ 39. Kf1 Qxh2 0-1

[Event "Alpenpokal op 29th"]
[Site "Oberstdorf"]
[Date "2003.??.??"]
[Round "5"]
[White "Van Baarle, John"]
[Black "Reinke, Kurt"]
[Result "1-0"]
[WhiteElo "2271"]
[BlackElo "2084"]
[PlyCount "51"]
[EventDate "2003.01.??"]
[EventType "swiss"]
[EventRounds "9"]
[EventCountry "GER"]
[SourceTitle "EXT 2004"]
[Source "ChessBase"]
[SourceDate "2003.11.25"]
[SourceVersion "1"]
[SourceVersionDate "2003.11.25"]
[SourceQuality "1"]

1. d4 d5 2. c4 c6 3. Nc3 e6 4. cxd5 exd5 5. Qc2 Nf6 6. Bg5 Bb4 7. e3 Nbd7 8. Bd3 0-0 9. Bxh7+ Kh8 10. Bd3 Qa5 11. Nge2 Ne4 12. Bh4 f5 13. f3 Ndf6 14. 0-0 Nd6 15. Nf4 Kh7 16. g4 g6 17. g5 Ng8 18. Bg3 Bxc3 19. bxc3 Nc4 20. Bf2 Re8 21. Rfe1 Nd6 22. Bg3 Qd8 23. h4 Nc4 24. e4 fxe4 25. fxe4 Bg4 26. exd5 1-0

[Event "NED-ch53 sf"]
[Site "Enschede"]
[Date "1998.01.11"]
[Round "9"]
[White "Van Baarle, John"]
[Black "Ernst, Sipke"]
[Result "0-1"]
[WhiteElo "2295"]
[BlackElo "2300"]
[PlyCount "106"]
[EventDate "1998.01.03"]
[EventType "swiss"]
[EventRounds "9"]
[EventCountry "NED"]
[SourceTitle "CBM 062 Extra"]
[Source "ChessBase"]
[SourceDate "1998.03.09"]
[SourceVersion "1"]
[SourceVersionDate "1998.03.09"]
[SourceQuality "1"]

1. e4 c5 2. Nf3 e6 3. c3 Nf6 4. e5 Nd5 5. d4 cxd4 6. cxd4 Qc7 7. Bd2 d6 8. exd6 Bxd6 9. Nc3 Nxc3 10. bxc3 b6 11. Bd3 Bb7 12. 0-0 Nd7 13. Re1 0-0 14. h3 Rac8 15. c4 Rfd8 16. Qe2 Bf4 17. Be3 Nf6 18. Rad1 g6 19. Bxf4 Qxf4 20. Ne5 Rc7 21. Qe3 Rxd4 22. Qxf4 Rxf4 23. Bc2 Rh4 24. Kh2 Ba6 25. g3 Rhxc4 26. Nxc4 Bxc4 27. Bb3 Bxb3 28. axb3 a5 29. Rc1 Ra7 30. Ra1 Nd5 31. Kg2 h5 32. Kf3 Kf8 33. Ke4 Ke7 34. f4 Kd6 35. Rec1 Ra8 36. Rc2 b5 37. Kd4 h4 38. gxh4 Nxf4 39. Rca2 Rh8 40. Rxa5 Rxh4 41. Rxb5 Nd5+ 42. Kd3 Rxh3+ 43. Kd2 Rh2+ 44. Kd3 Rh3+ 45. Kd2 g5 46. Rb8 g4 47. b4 f5 48. b5 Rb3 49. Kc2 Rb4 50. Ra6+ Ke5 51. b6 g3 52. b7 g2 53. Ra1 f4 0-1

[Event "NED-ch53 sf"]
[Site "Enschede"]
[Date "1998.01.09"]
[Round "7"]
[White "Van Baarle, John"]
[Black "Cifuentes Parada, Roberto"]
[Result "1/2-1/2"]
[WhiteElo "2295"]
[BlackElo "2535"]
[PlyCount "69"]
[EventDate "1998.01.03"]
[EventType "swiss"]
[EventRounds "9"]
[EventCountry "NED"]
[SourceTitle "CBM 062 Extra"]
[Source "ChessBase"]
[SourceDate "1998.03.09"]
[SourceVersion "1"]
[SourceVersionDate "1998.03.09"]
[SourceQuality "1"]

1. e4 c5 2. Nf3 Nc6 3. d4 cxd4 4. Nxd4 Nf6 5. Nc3 e6 6. Nxc6 bxc6 7. e5 Nd5 8. Ne4 f5 9. exf6 Nxf6 10. Nd6+ Bxd6 11. Qxd6 Qb6 12. Bd3 c5 13. Bf4 Bb7 14. 0-0 Rc8 15. c4 Qxd6 16. Bxd6 Rc6 17. Bf4 0-0 18. Rfd1 d5 19. f3 Nh5 20. Be5 Nf4 21. Bf1 Rb6 22. Rd2 d4 23. b4 Rxb4 24. Bd6 Rf5 25. g4 Rb6 26. gxf5 Rxd6 27. Rb1 Bc6 28. Re1 exf5 29. Re5 Ne6 30. Rxf5 g6 31. Re5 Bxf3 32. Bh3 Nf4 33. Bf1 Ne6 34. Bh3 Nf4 35. Bf1 1/2-1/2

[Event "Manresa op"]
[Site "Manresa"]
[Date "1998.??.??"]
[Round "?"]
[White "Ionescu, Constantin"]
[Black "Van Baarle, John"]
[Result "1/2-1/2"]
[WhiteElo "2495"]
[BlackElo "2295"]
[PlyCount "103"]
[EventDate "1998.??.??"]
[EventType "swiss"]
[EventRounds "9"]
[EventCountry "ESP"]
[SourceTitle "EXT 2003"]
[Source "ChessBase"]
[SourceDate "2002.11.25"]
[SourceVersion "1"]
[SourceVersionDate "2002.11.25"]
[SourceQuality "1"]

1. d4 Nf6 2. c4 e6 3. Nc3 c5 4. d5 exd5 5. cxd5 d6 6. e4 g6 7. f3 Bg7 8. Bg5 h6 9. Be3 0-0 10. Qd2 Re8 11. Bb5 Nbd7 12. a4 h5 13. Nh3 a6 14. Be2 Ne5 15. Nf2 Qa5 16. 0-0 Qb4 17. Rfc1 Bd7 18. h3 Rab8 19. b3 Bc8 20. a5 b5 21. axb6 Qxb6 22. b4 Ned7 23. Nd3 Qc7 24. bxc5 Nxc5 25. Nxc5 dxc5 26. Bf4 Rb2 27. Bxc7 Rxd2 28. Bxa6 Bxa6 29. Rxa6 Nd7 30. Nb5 Rc8 31. Ra7 Ne5 32. d6 Bh6 33. Rca1 c4 34. R7a2 Rd3 35. Rc2 Bd2 36. Kf2 Be3+ 37. Ke2 Rb3 38. Ra3 Bd4 39. Nxd4 Rxa3 40. f4 Nd7 41. Rxc4 f6 42. Nc6 Kf7 43. e5 Ke6 44. Kf2 fxe5 45. Nxe5 Nxe5 46. fxe5 Rf8+ 47. Kg1 Ra1+ 48. Kh2 Ra2 49. Rc3 h4 50. Rc4 g5 51. Rc1 Rff2 52. Rg1 1/2-1/2

[Event "Dieren op"]
[Site "Dieren"]
[Date "1998.??.??"]
[Round "2"]
[White "Van Baarle, John"]
[Black "Bosboom, Manuel"]
[Result "0-1"]
[WhiteElo "2295"]
[BlackElo "2450"]
[PlyCount "102"]
[EventDate "1998.08.??"]
[EventType "swiss"]
[EventRounds "9"]
[EventCountry "NED"]
[SourceTitle "EXT 1999"]
[Source "ChessBase"]
[SourceDate "1998.11.16"]
[SourceVersion "1"]
[SourceVersionDate "1998.11.16"]
[SourceQuality "1"]

1. e4 c5 2. Nf3 d6 3. Bb5+ Bd7 4. Bxd7+ Qxd7 5. c4 Nc6 6. d4 cxd4 7. Nxd4 Nf6 8. Nc3 e6 9. 0-0 Be7 10. b3 0-0 11. Be3 a6 12. a4 Rfc8 13. f3 Qd8 14. Qd2 Nd7 15. Rab1 Na5 16. Qe2 Qc7 17. f4 Bf6 18. Qg4 Re8 19. Qh3 Nc6 20. Nde2 Nb4 21. Rfd1 Nc5 22. Bf2 Rad8 23. Qe3 h6 24. e5 Be7 25. exd6 Rxd6 26. Rxd6 Bxd6 27. Rd1 Rc8 28. Ne4 Nxe4 29. Qxe4 Bc5 30. h3 Bxf2+ 31. Kxf2 Nc6 32. Rd3 Re8 33. Nd4 Nb4 34. Rd2 Rd8 35. Kf1 Nc6 36. Nf3 Rxd2 37. Nxd2 Qd6 38. Qe3 Ne7 39. Ke1 Nf5 40. Qe4 Qb6 41. Qf3 a5 42. g4 Nd4 43. Qd3 f5 44. Kf1 Qd6 45. Qe3 Nc2 46. Qf2 Qd3+ 47. Kg2 Ne3+ 48. Kg1 fxg4 49. hxg4 Nxg4 50. Qe1 Kf7 51. Ne4 b6 0-1

[Event "Dieren op"]
[Site "Dieren"]
[Date "1996.??.??"]
[Round "5"]
[White "Rychagov, Mikhail"]
[Black "Van Baarle, John"]
[Result "1-0"]
[WhiteElo "2495"]
[BlackElo "2310"]
[PlyCount "33"]
[EventDate "1996.07.??"]
[EventType "swiss"]
[EventRounds "9"]
[EventCountry "NED"]
[SourceTitle "EXT 2001"]
[Source "ChessBase"]
[SourceDate "2000.11.22"]
[SourceVersion "1"]
[SourceVersionDate "2000.11.22"]
[SourceQuality "1"]

1. e4 c6 2. d4 d5 3. e5 Bf5 4. Nf3 e6 5. Be2 c5 6. Be3 Nd7 7. 0-0 Ne7 8. c4 cxd4 9. Nxd4 Bxb1 10. Rxb1 Nxe5 11. Qa4+ N7c6 12. cxd5 exd5 13. f4 Nc4 14. Bxc4 dxc4 15. Rfe1 Qf6 16. Bf2+ Kd8 17. Rbd1 1-0

[Event "Finkenstein op"]
[Site "Finkenstein"]
[Date "1994.??.??"]
[Round "?"]
[White "Bodner, Alfred"]
[Black "Van Baarle, John"]
[Result "0-1"]
[WhiteElo "2085"]
[BlackElo "2320"]
[PlyCount "90"]
[EventDate "1994.??.??"]
[EventType "swiss"]
[EventRounds "9"]
[EventCountry "AUT"]
[SourceTitle "EXT 1997"]
[Source "ChessBase"]
[SourceDate "1996.11.15"]
[SourceVersion "1"]
[SourceVersionDate "1996.11.15"]
[SourceQuality "1"]

1. c4 c5 2. Nf3 e6 3. Nc3 Nf6 4. e3 d5 5. d4 Nc6 6. a3 a6 7. dxc5 Bxc5 8. b4 Bd6 9. c5 Bc7 10. Bb2 0-0 11. Be2 Qe7 12. 0-0 Rd8 13. Qc2 e5 14. Rfe1 e4 15. Nd2 Ng4 16. Bxg4 Bxg4 17. Nf1 Ne5 18. Ne2 Nd3 19. Red1 Bxe2 20. Qxe2 Nxb2 21. Qxb2 Be5 22. Rd4 Bxd4 23. exd4 f5 24. Qd2 Qf6 25. g3 f4 26. gxf4 Rf8 27. a4 Qxf4 28. Qxf4 Rxf4 29. Ne3 Rd8 30. b5 axb5 31. axb5 h5 32. Ra7 Rf7 33. Ra5 Kf8 34. c6 bxc6 35. bxc6 Rc7 36. Rc5 Rd6 37. Nf5 Rdxc6 38. Rxd5 g6 39. Ng3 Rc1+ 40. Kg2 Re1 41. Re5 Re7 42. Rd5 e3 43. fxe3 h4 44. Rd8+ Kg7 45. d5 hxg3 0-1